01474nam a2200301 a 4500001001000000003000900010005001700019007000300036008004100039020001500080040002500095082002100120245017200141246008100313260003500394300004700429490004700476500007400523500024700597650004200844650003600886651004000922700002600962710003500988710005501023710004501078830004901123000045216DO-SdBNP20240307073942.0ta150210s2002 dr a 000 0 spa d a999343342X aDO-SdBNPbspacBNPHU a362.5bP739r22200aPobreza rural en América Latina y la República Dominicana :bdesafíos para el diseño y gestión de políticas y programas sociales /cJefrey Lizardo, editor.10aDesafíos para el diseño y gestión de políticas y programas sociales. aSanto Domingo :bINDES,c2002. a175 p. :bil., tabls., gráfcs. ;c27 cm.1 aTemas especializados en gerencia socialv1 aIncluye referencias bibliográficas y notas al pie de las páginas. aDocumento presentado por el INDES-BID-INTEC en el Seminario Pobreza rural en América Latina y la República Dominicana: desafíos para el diseño y gestión de politicas y programas sociales realizado el 8-10 de marzo del 2001 en INTEC. 4aPobreza ruralzRepública Dominicana 4aPobreza ruralzAmérica Latina 4aAmérica LatinaxPolítica Social12aLizardo, Jefrey,eed.22aBanco Dominicano de Desarrollo22aInstituto Interamericano para el Desarrollo Social22aInstituto Tecnológico de Santo Domingo 0aTemas especializados en gerencia social ;v1